[Event "RUS-chT Premier League Women 2018"]
[Site "Sochi"]
[Date "2018.05.04"]
[Round "4"]
[White "Nechaeva, Marina"]
[Black "Belenkaya, Dina"]
[Result "1-0"]
[WhiteElo "2413"]
[BlackElo "2297"]
[Annotator "TA"]
[PlyCount "97"]
[EventDate "2018.??.??"]
[EventCountry "RUS"]
[SourceTitle "playchess.com"]
[Source "ChessBase"]
[SourceQuality "1"]

{[%evp 24,97,4,6,18,4,20,18,20,15,35,21,25,20,36,35,53,9,10,0,28,-28,33,60,50,39,82,48,80,34,45,68,98,65,33,49,70,61,108,113,92,107,173,83,81,0,168,81,95,91,186,109,147,133,151,146,348,352,352,359,331,333,322,250,410,418,410,395,1427,1348,6032,6032,6020,5812,29998,29999]} 1. d4 d5 2. c4 dxc4 3. e4 Nf6 4. e5 Nd5 5. Bxc4 Nb6 6. Bb3 Nc6 7. Ne2 Bf5 8. Nbc3 e6 9. a3 Qd7 10. O-O Be7 11. Be3 O-O-O 12. Qc1 {D20: Queen's Gambit Accepted: 3 e3 and 3 e4} Kb8 13. Rd1 {LiveBook: 9 Games} Qc8 (13... Na5 14. Bc2 Bxc2 15. Qxc2 Nac4 16. Bf4 h5 17. Ne4 Qb5 18. Bg5 f6 19. exf6 gxf6 20. Bxf6 Bxf6 21. Nxf6 Qxb2 {1-0 (37) Van Wely,L (2657)-Van den Doel,E (2575) Amsterdam 2016}) 14. Ba2 {The position is equal.} f6 $146 ({Predecessor:} 14... h5 15. Ng3 Bg6 16. Nge4 h4 17. b4 h3 18. g3 Nd5 19. b5 Na5 20. Bd2 Nxc3 21. Nxc3 Bh5 22. Re1 Rxd4 23. Ne2 {½-½ (23) Iljin,T (2422)-Odnorozhenko,E (2309) Alushta 2010}) 15. exf6 Bxf6 16. b4 Ne7 17. Bf4 Ned5 18. Nxd5 Nxd5 19. Be5 Rd7 20. Ng3 Bg6 21. Re1 Rf8 22. Ne4 (22. Bxf6 $142 Rxf6 23. Bxd5 exd5 24. Re5) 22... Bh4 ({Black should try} 22... Bxe5 $11 23. dxe5 Bxe4 24. Rxe4 Qd8) 23. g3 $14 Bxe4 24. Rxe4 Bd8 25. Qd2 Rf3 26. Bc4 Rdf7 27. Re2 h6 28. Bd3 Bg5 29. Qc2 Qf8 {Threatening ...Rxf2!} 30. Rae1 {Be4 is the strong threat.} Rd7 31. Be4 $1 {aiming for Bxg7!} Rc3 32. Qb2 $36 {[%mdl 2048] Keeping Black busy.} Rc4 (32... Rc6 $16) 33. Bd3 (33. Qa2 $1 $18 {[%cal Ra2c4]} Rc6 34. f4) 33... Rc3 $16 34. Be4 (34. Bc2 $16) 34... Rc4 $18 {[#]} 35. Rc2 (35. Qa2 $1 $18 {[%cal Ra2c4] is more deadly.} Rc6 36. f4) 35... Rxc2 36. Qxc2 h5 (36... Qf7 $16) 37. Bg2 (37. Bxd5 $18 exd5 38. Qg6) 37... h4 38. Qg6 hxg3 39. Bxg3 Bf6 $2 (39... Qf6 $16 40. Rxe6 Qxg6 41. Rxg6 Bf6) 40. Rxe6 Ne7 41. Qe4 {[%csl Gg2][%cal Re4b7]} Qc8 42. Be5 Bxe5 43. Qxe5 Qf8 $2 (43... Nc6 {might work better.} 44. Bxc6 bxc6 45. Rxc6 Rd5 46. Qxg7 (46. Qxd5 Qg4+ 47. Qg2 Qd1+ 48. Qf1 Qg4+ 49. Kh1 Qf3+ 50. Kg1 Qg4+ 51. Kh1 Qf3+ 52. Qg2 Qd1+ 53. Qg1 Qf3+ 54. Qg2 Qd1+ 55. Qg1 Qf3+ 56. Qg2 $11) 46... Rd8) 44. b5 Nc8 45. Re8 Qxa3 $2 (45... Qd6 46. Qf5 a5 47. bxa6 bxa6) 46. Qf5 Qa1+ 47. Bf1 Qxd4 {[#]} 48. Bh3 $1 {Intending Rxc8+! and mate.} Rd8 49. Qxc8+ $1 {Precision: White = 46%, Black = 20%.} 1-0

[Event "RUS-chT Premier League Women 2018"]
[Site "Sochi"]
[Date "2018.05.04"]
[Round "4"]
[White "Voit, Daria"]
[Black "Selifonova, Aleksandra"]
[Result "1-0"]
[WhiteElo "2382"]
[BlackElo "1890"]
[Annotator "NA"]
[PlyCount "85"]
[EventDate "2018.??.??"]
[EventCountry "RUS"]
[SourceTitle "playchess.com"]
[Source "ChessBase"]
[SourceQuality "1"]
[TimeControl "40/5400+30:1800+30"]

1. Nf3 {[%emt 0:00:00]} Nf6 {[%emt 0:00:02]} 2. c4 {[%emt 0:00:00]} e6 {[%emt 0:00:07]} 3. d4 {[%emt 0:00:14]} d5 {[%emt 0:00:08]} 4. g3 {[%emt 0:00:30]} dxc4 {[%emt 0:00:40]} 5. Bg2 {[%emt 0:00:06]} Nc6 {[%emt 0:00:26]} 6. Qa4 {[%emt 0:02:39]} Bb4+ {[%emt 0:00:18]} 7. Bd2 {[%emt 0:00:58]} Nd5 {[%emt 0:01:04]} 8. Bxb4 {[%emt 0:03:56] E04: Open Catalan: 5 Nf3} Ndxb4 {[%emt 0:00:05]} 9. Na3 {[%emt 0:07:00]} (9. Ne5 O-O 10. Nxc6 Nxc6 11. e3 e5 12. d5 Ne7 13. Qxc4 c6 14. dxc6 Nxc6 15. Nc3 Be6 16. Qb5 Qb6 17. Qxb6 axb6 {½-½ (31) Wojtaszek,R (2744)-Mamedyarov,S (2814) Shamkir 2018}) 9... a6 {[%emt 0:10:26]} 10. Ne5 {[%emt 0:25:10]} O-O $146 {[%emt 0:02:24]} ({Predecessor:} 10... Bd7 $5 11. O-O b5 12. Qd1 Nxe5 13. Bxa8 Qxa8 14. dxe5 Qe4 15. Qd2 Nd5 {0-1 (63) Gopal,G (2566)-Savchenko,B (2609) Moscow 2012}) 11. Nxc6 {[%emt 0:05:12]} Nxc6 {[%emt 0:00:05]} 12. Bxc6 {[%emt 0:02:11]} bxc6 {[%emt 0:00:06]} 13. Qxc4 {[%emt 0:00:20]} Rb8 {[%emt 0:01:37]} 14. b3 {[%emt 0:01:06]} a5 {[%emt 0:04:52]} 15. Nc2 {[%emt 0:03:02]} Rb6 {[%emt 0:01:12]} 16. Qc3 {[%emt 0:08:00]} Qd5 {[%emt 0:05:05]} 17. O-O {[%emt 0:03:27]} Ba6 {[%emt 0:03:39]} 18. Rfe1 {[%emt 0:01:22]} Qh5 {[%emt 0:02:40]} 19. f3 {[%emt 0:01:16]} Qg6 {[%emt 0:11:09]} 20. Rac1 $16 {[%emt 0:05:11]} Ra8 {[%emt 0:04:28]} 21. Qxa5 {[%emt 0:11:58]} Bb7 {[%emt 0:01:02]} 22. Qe5 {[%emt 0:00:12]} Rb5 {[%emt 0:09:21]} 23. Qxc7 {[%emt 0:00:11]} h5 {[%emt 0:00:19]} 24. d5 {[%emt 0:03:33]} exd5 {[%emt 0:10:38]} 25. Nd4 {[%emt 0:01:09]} Rc8 {[%emt 0:01:46]} 26. Qd7 {[%emt 0:03:51]} Rb6 {[%emt 0:07:32]} 27. Nf5 {[%emt 0:00:26]} Qe6 {[%emt 0:01:03]} 28. Qxe6 {[%emt 0:01:45]} fxe6 {[%emt 0:00:03]} 29. Ne7+ {[%emt 0:00:08]} Kf7 {[%emt 0:00:02]} 30. Nxc8 {[%emt 0:00:11]} Bxc8 {[%emt 0:00:02]} 31. e4 {[%emt 0:00:46]} d4 {[%emt 0:00:57]} 32. Red1 {[%emt 0:00:22]} e5 {[%emt 0:00:10]} 33. Rc5 {[%emt 0:01:37]} Kf6 {[%emt 0:00:51]} 34. f4 {[%emt 0:00:10]} Ra6 {[%emt 0:01:40]} 35. Rxe5 {[%emt 0:02:51]} Rxa2 {[%emt 0:00:19]} 36. Rxd4 {[%emt 0:01:19]} Ra1+ {[%emt 0:00:36]} 37. Kf2 {[%emt 0:00:04]} Ra2+ {[%emt 0:00:10]} 38. Ke3 {[%emt 0:00:03]} Rxh2 {[%emt 0:00:12]} 39. Rd6+ {[%emt 0:00:08]} Kf7 {[%emt 0:00:06]} 40. Rxc6 {[%emt 0:00:00]} Bg4 {[%emt 0:00:13]} 41. Rc7+ {[%emt 0:00:35]} Kf6 {[%emt 0:01:12]} 42. Rb5 {[%emt 0:00:36]} Be6 {[%emt 0:02:10]} 43. f5 {[%emt 0:01:56]} 1-0

[Event "RUS-chT Premier League Women 2018"]
[Site "Sochi"]
[Date "2018.05.04"]
[Round "4"]
[White "Ovod, Evgenija"]
[Black "Pogonina, Natalija"]
[Result "0-1"]
[WhiteElo "2371"]
[BlackElo "2457"]
[Annotator "TA"]
[PlyCount "76"]
[EventDate "2018.??.??"]
[EventCountry "RUS"]
[SourceTitle "playchess.com"]
[Source "ChessBase"]
[SourceQuality "1"]

{[%evp 21,76,-2,0,0,-4,-51,-55,-88,-15,-86,-65,-43,-39,-25,-28,-24,-18,-22,-21,-24,-8,-80,-69,-75,0,-124,-112,-107,-105,-113,-107,-108,-108,-88,-37,-65,-71,-68,-7,-1315,-1318,-1244,-1204,-29971,-29971,-29987,-29988,-29988,-29989,-29989,-29987,-29992,-29993,-29997,-29998,-29998,-29999]} 1. e4 e5 2. Nf3 Nc6 3. Bc4 Bc5 4. c3 Nf6 5. d4 exd4 6. e5 d5 7. Bb5 Ne4 8. cxd4 Bb6 9. Nc3 O-O 10. Be3 {C54: Giuoco Piano: 4 c3 Nf6, main lines with 5 d4 and 5 d3} Bd7 (10... Bg4 11. h3 Bh5 12. Qc2 Bxf3 13. gxf3 Ng5 14. O-O-O Nxf3 15. Bxc6 bxc6 16. Qf5 Nh4 17. Qg4 Ng6 {½-½ (38) Naiditsch,A (2701)-Anand,V (2776) Karlsruhe/Baden-Baden 2018}) 11. Bd3 Bg4 {LiveBook: 3 Games} 12. h3 {The position is equal.} Bh5 {Threatening ...Nxd4!} 13. g4 Bg6 14. h4 h5 $146 (14... f6 $17 {And now ...fxe5 would win.} 15. h5 Nxc3 16. bxc3 Bxd3 17. Qxd3 fxe5 18. Nxe5 Nxe5 19. dxe5 Qd7) ({Predecessor:} 14... f6 15. h5 Nxc3 16. bxc3 Bxd3 17. Qxd3 fxe5 18. Nxe5 Nxe5 19. dxe5 {0-1 (34) Godena,M (2535)-Stefanova,A (2463) Solin 2007}) 15. g5 (15. gxh5 $11 {remains equal.} Bxh5 16. Be2) 15... Nxc3 16. bxc3 Bxd3 17. Qxd3 g6 18. a4 Qd7 19. Ng1 Ba5 20. Ne2 Ne7 21. Ng3 (21. Qb5 $11 Nc6 22. Qd3) 21... b6 $17 22. f4 Rac8 (22... Qg4 $17 23. Kf2 Rfc8) 23. Ra2 (23. f5 $1 $11) 23... c5 24. O-O Qh3 $1 25. Rg2 {[#]} cxd4 $1 26. Bxd4 Nf5 (26... Qxh4 27. Ne2 $16) 27. e6 fxe6 ({Black should try} 27... b5 $17 28. Rb1 bxa4) 28. Re1 $1 $15 {[%cal Re1e6]} Rc6 ({But not} 28... Nxh4 $2 29. Rh2 $18) 29. Re3 Kh7 $40 {[%mdl 128] Black mounts an attack.} ({Wrong is} 29... Nxh4 $2 30. Rh2 $18) (29... Rf7 $1 $15) 30. Qa6 $2 {[%mdl 8192]} (30. Nxf5 $11 Qxf5 31. Qxf5 Rxf5 32. Rge2 Rxf4 33. Rxe6 Rxe6 34. Rxe6) 30... Nxd4 $19 31. Qb7+ Kg8 32. f5 Rxc3 {Black mates.} 33. f6 Rc1+ 34. Kf2 Rf7 {[%cal Bf8f7,Bf7c7,Bc7c2,Bc2e2][%mdl 32]} 35. Qb8+ {[#]} Kh7 $1 36. Qe8 Rfc7 37. f7 R7c2+ 38. Re2 Rxe2+ {Precision: White = 51%, Black = 56%.} 0-1

[Event "RUS-chT Premier League Women 2018"]
[Site "Sochi"]
[Date "2018.05.04"]
[Round "4"]
[White "Bivol, Alina"]
[Black "Kosteniuk, Alexandra"]
[Result "1/2-1/2"]
[WhiteElo "2327"]
[BlackElo "2555"]
[Annotator "TA RC"]
[PlyCount "67"]
[EventDate "2018.??.??"]
[EventCountry "RUS"]
[SourceTitle "playchess.com"]
[Source "ChessBase"]
[SourceQuality "1"]

{[%evp 19,67,-22,0,0,0,0,0,-29,-36,-25,-6,-13,-18,-15,0,-20,-11,-13,-9,-11,-17,-14,0,-14,-10,-7,-8,-40,8,0,0,0,0,-8,3,-2,-2,-2,-2,-6,-6,-11,0,0,0,0,0,0,0,0]} 1. e4 e5 2. Nf3 Nf6 3. Nc3 Nc6 4. g3 d5 5. exd5 Nxd5 6. Bg2 Nxc3 7. bxc3 Bc5 8. O-O O-O 9. Rb1 {C47: Scotch Four Knights and Four Knights with 4 g3} (9. Re1 Qf6 10. d3 h6 11. Rb1 Bb6 12. Be3 Bg4 13. h3 Be6 14. c4 e4 15. Nd2 exd3 16. c5 Ba5 17. Rxb7 Nb4 18. cxd3 Bd5 19. Rxb4 Bxg2 {½-½ (31) Nakamura,H (2787)-Xiong,J (2665) Saint Louis 2018}) 9... Bb6 10. d3 Bg4 {LiveBook: 4 Games} 11. Qe1 Qc8 $146 ({Predecessor:} 11... Re8 12. Ng5 h6 13. Qe4 hxg5 14. Qxg4 f6 15. Ba3 g6 16. h4 Kg7 17. hxg5 {½-½ (32) Bayev,A (2379)-Piskunov,A (2354) Kemerovo 2014}) 12. Qe4 Bf5 13. Qe2 Re8 14. Nd2 Bh3 15. Nc4 Bxg2 16. Kxg2 Bc5 17. a4 Rb8 18. Qf3 Qd7 19. Re1 Re6 {[#] And now ...Rf6 would win.} 20. Be3 Bf8 21. Red1 b6 22. d4 {[%cal Bd3d4,Bd4d5][%mdl 32] d5 is the strong threat.} e4 23. Qh5 {[#] Strongly threatening d5.} Ree8 24. d5 {The position is equal.} Nd8 25. a5 g6 26. Qe2 Nb7 27. axb6 axb6 28. Bf4 Ra8 29. Ne5 Qf5 30. Nc4 Qd7 31. Ne5 Qf5 32. Nc4 Qd7 33. Ne5 Qf5 34. Nc4 {Precision: White = 78%, Black = 62%.} 1/2-1/2

[Event "RUS-chT Premier League Women 2018"]
[Site "Sochi"]
[Date "2018.05.04"]
[Round "4"]
[White "Styazhkina, Anna"]
[Black "Kovanova, Baira"]
[Result "0-1"]
[WhiteElo "2299"]
[BlackElo "2358"]
[Annotator "NA"]
[PlyCount "88"]
[EventDate "2018.??.??"]
[EventCountry "RUS"]
[SourceTitle "playchess.com"]
[Source "ChessBase"]
[SourceQuality "1"]
[TimeControl "40/5400+30:1800+30"]

1. e4 {[%emt 0:00:00]} e5 {[%emt 0:00:04]} 2. Nf3 {[%emt 0:00:00]} Nc6 {[%emt 0:00:02]} 3. Nc3 {[%emt 0:00:00]} Nf6 {[%emt 0:00:06]} 4. a3 {[%emt 0:00:00]} d6 {[%emt 0:07:59]} 5. d4 {[%emt 0:07:24]} Bg4 {[%emt 0:04:53] C47: Scotch Four Knights and Four Knights with 4 g3} 6. d5 {[%emt 0:04:00]} (6. dxe5 dxe5 7. Qxd8+ Rxd8 8. Bb5 Bxf3 9. gxf3 Bd6 10. Bg5 O-O 11. Bxf6 gxf6 12. Nd5 Nd4 13. Bd3 Nxf3+ {½-½ (55) Safarli,E (2639)-Anton Guijarro,D (2666) Riadh 2017}) 6... Nd4 {[%emt 0:03:42]} 7. Be2 {[%emt 0:06:10]} Nxe2 {[%emt 0:02:16]} 8. Qxe2 {[%emt 0:00:06]} Bd7 $146 {[%emt 0:01:13]} ({Predecessor:} 8... Nd7 9. h3 Bxf3 10. Qxf3 Be7 11. Qg4 Bf6 12. h4 a6 13. h5 {½-½ (95) Neimer,V (2420)-Aaron,D (2257) Wheeling 2013}) 9. h3 {[%emt 0:07:33]} h6 {[%emt 0:02:28]} 10. Nh2 {[%emt 0:08:53]} g6 {[%emt 0:03:49]} 11. Ng4 {[%emt 0:03:12]} Nh5 {[%emt 0:04:10]} 12. Be3 {[%emt 0:07:28]} Bg7 {[%emt 0:02:00]} 13. g3 {[%emt 0:07:31]} a6 {[%emt 0:02:43]} 14. O-O-O {[%emt 0:09:04]} Qe7 {[%emt 0:01:20]} 15. Bd2 {[%emt 0:04:13]} b5 {[%emt 0:07:26]} 16. Ne3 {[%emt 0:00:33]} O-O {[%emt 0:03:08]} 17. Nf5 {[%emt 0:03:45]} gxf5 {[%emt 0:01:31]} 18. Qxh5 {[%emt 0:03:35]} Qf6 {[%emt 0:00:02]} 19. g4 {[%emt 0:06:05]} Qg6 {[%emt 0:09:36]} 20. Qh4 {[%emt 0:01:44]} fxe4 {[%emt 0:09:55]} 21. Rhg1 {[%emt 0:00:36]} f6 {[%emt 0:05:22]} 22. Rde1 {[%emt 0:01:35]} c6 {[%emt 0:00:08]} 23. Nxe4 {[%emt 0:00:31]} cxd5 {[%emt 0:00:29]} 24. Nxd6 {[%emt 0:00:06]} Rac8 {[%emt 0:02:26]} 25. Nxc8 {[%emt 0:00:44]} Rxc8 {[%emt 0:01:35]} 26. c3 {[%emt 0:00:10]} b4 {[%emt 0:09:40]} 27. Qh5 {[%emt 0:00:25]} Qd3 {[%emt 0:04:52]} 28. Rg3 {[%emt 0:00:30]} Qc4 {[%emt 0:01:45]} 29. Qg6 {[%emt 0:07:09]} Be8 {[%emt 0:03:04]} 30. Qc2 {[%emt 0:06:01]} bxa3 {[%emt 0:00:22]} 31. b3 {[%emt 0:00:11]} Qc5 {[%emt 0:00:26]} 32. f4 {[%emt 0:02:24]} e4 {[%emt 0:00:33]} 33. f5 {[%emt 0:03:46]} Bb5 {[%emt 0:01:19]} 34. c4 {[%emt 0:00:33]} Qf2 {[%emt 0:00:45]} 35. Rge3 {[%emt 0:00:51]} Bf8 {[%emt 0:03:27]} 36. R3e2 {[%emt 0:00:28]} Qb6 {[%emt 0:01:20]} 37. Bc3 {[%emt 0:00:31]} Bxc4 {[%emt 0:01:57]} 38. bxc4 {[%emt 0:00:21]} Rxc4 {[%emt 0:00:02]} 39. Kd1 {[%emt 0:00:34]} Qc6 {[%emt 0:00:43]} 40. Rd2 {[%emt 0:00:00]} Rxc3 {[%emt 0:00:20]} 41. Qa2 {[%emt 0:01:10]} Rc1+ {[%emt 0:05:17]} 42. Ke2 {[%emt 0:00:07]} Qb5+ $19 {[%emt 0:02:45]} (42... Rxe1+ $142 43. Kxe1 Bb4) 43. Kf2 {[%emt 0:00:21]} Rxe1 {[%emt 0:00:45]} 44. Kxe1 {[%emt 0:00:07]} Bb4 {[%emt 0:00:05]} 0-1

[Event "RUS-chT Premier League Women 2018"]
[Site "Sochi"]
[Date "2018.05.04"]
[Round "4"]
[White "Kryukova, Irina"]
[Black "Shuvalova, Polina"]
[Result "0-1"]
[WhiteElo "2261"]
[BlackElo "2416"]
[Annotator "TA"]
[PlyCount "82"]
[EventDate "2018.??.??"]
[EventCountry "RUS"]
[SourceTitle "playchess.com"]
[Source "ChessBase"]
[SourceQuality "1"]

{[%evp 14,82,7,7,17,12,14,15,18,21,4,6,8,12,21,33,24,19,32,23,41,0,90,89,100,110,105,0,0,0,0,0,0,0,0,0,0,0,0,0,15,0,0,0,0,0,0,-18,-18,-18,-21,-16,-16,-16,-16,-21,-15,-18,-15,-491,-486,-491,-486,-487,-484,-468,-465,-416,-415,-498,-483]} 1. e4 c6 2. d4 d5 3. Nc3 {[%cal Bb1c3,Bc3e4,Be4c5][%mdl 32]} dxe4 4. Nxe4 Bf5 5. Nc5 b6 6. Nb3 e6 7. Nf3 Nf6 8. g3 Bd6 {B18: Classical Caro-Kann: 4...Bf5 sidelines} 9. Bg2 Qc7 10. O-O Nbd7 {The position is equal.} 11. Qe2 O-O 12. Re1 Rac8 13. Ne5 c5 14. Nxd7 Nxd7 15. dxc5 bxc5 16. Bd2 {[#]} e5 $146 17. c4 e4 (17... Bg6 $11 {keeps the balance.}) 18. Ba5 $16 Qb8 19. Bxe4 Rce8 20. Qc2 (20. Qf3 $16 Bxe4 21. Rxe4) 20... Rxe4 $11 21. Rxe4 Nf6 $36 {[%mdl 2048] Black has good play.} 22. Nd2 Be5 23. Rae1 Bxb2 24. Bc3 Bxc3 25. Qxc3 {[#] Hoping for Re5.} Nxe4 26. Nxe4 Qb4 27. a3 Qxc3 28. Nxc3 {[%mdl 4096] Endgame KRB-KRN} Rb8 29. Re5 g6 30. Rxc5 Rb3 31. Nd5 Bh3 {[%cal Rb3b1] [#]} 32. Rb5 Rxa3 {( -> ...Ra1+)} 33. Rb1 a5 {[%cal Ba7a5,Ba5a4,Ba4b3,Bb3b2][%mdl 32]} 34. c5 a4 35. c6 {Threatens to win with c7.} Rb3 36. Rxb3 $4 {[%mdl 8192]} (36. Rc1 $11 {and White stays safe.}) 36... axb3 {KB-KN} 37. f3 b2 38. Nc3 Be6 39. Kf2 Kf8 40. Ke3 Ke7 41. Kd2 Bf5 {Precision: White = 65%, Black = 77%.} 0-1

[Event "RUS-chT Premier League Women 2018"]
[Site "Sochi"]
[Date "2018.05.04"]
[Round "4"]
[White "Suslova, Alena"]
[Black "Nikitina, Elena"]
[Result "1-0"]
[WhiteElo "2153"]
[BlackElo "2047"]
[Annotator "NA"]
[PlyCount "143"]
[EventDate "2018.??.??"]
[EventCountry "RUS"]
[SourceTitle "playchess.com"]
[Source "ChessBase"]
[SourceQuality "1"]
[TimeControl "40/5400+30:1800+30"]

1. c4 {[%emt 0:00:00]} e6 {[%emt 0:00:16]} 2. Nf3 {[%emt 0:02:05]} d5 {[%emt 0:00:31]} 3. g3 {[%emt 0:00:33]} Nf6 {[%emt 0:00:49]} 4. Bg2 {[%emt 0:00:10]} c5 {[%emt 0:00:55]} 5. d4 {[%emt 0:02:09]} Nc6 {[%emt 0:00:59]} 6. O-O {[%emt 0:03:21]} Be7 {[%emt 0:06:27]} 7. cxd5 {[%emt 0:04:57]} Nxd5 {[%emt 0:03:39]} 8. dxc5 {[%emt 0:04:06]} Bxc5 {[%emt 0:02:04]} 9. Qc2 {[%emt 0:03:45]} Be7 {[%emt 0:12:01]} 10. a3 {[%emt 0:03:16] E06: Closed Catalan: Early deviations} (10. Rd1 Bd7 11. Nc3 Nxc3 12. bxc3 O-O 13. Bf4 Qc8 14. Rab1 Rd8 15. Bg5 h6 16. Bxe7 Nxe7 17. Ne5 Bc6 18. Rxd8+ Qxd8 19. Nxc6 bxc6 {1-0 (85) Miton,K (2601)-Kovalenko,I (2653) Wroclaw 2014}) 10... Bd7 {[%emt 0:07:12]} 11. e4 {[%emt 0:01:24]} Nb6 {[%emt 0:03:30]} 12. Nc3 {[%emt 0:01:50]} O-O {[%emt 0:11:37]} 13. Rd1 {[%emt 0:03:43]} Rc8 {[%emt 0:01:45]} 14. Bf4 {[%emt 0:03:37] LiveBook: 6 Games} Qe8 {[%emt 0:05:12] [#]} 15. Qd3 $146 {[%emt 0:09:35]} ({Predecessor:} 15. Qe2 Na5 16. Ne5 Ba4 17. Nxa4 Qxa4 18. Nd3 Nb3 19. Rab1 Rfd8 20. Be3 {½-½ (20) Miles,A (2550)-Lima,D (2420) New York 1997}) 15... Na5 {[%emt 0:03:28]} 16. Ne5 {[%emt 0:04:33]} Ba4 {[%emt 0:02:11]} 17. Nxa4 {[%emt 0:01:15]} Qxa4 {[%emt 0:00:18]} 18. Rac1 {[%emt 0:02:14]} Rcd8 {[%emt 0:05:29]} 19. Qe2 {[%emt 0:01:33]} Nb3 {[%emt 0:03:35]} 20. Rxd8 {[%emt 0:05:38]} Bxd8 {[%emt 0:05:04]} 21. Rd1 {[%emt 0:00:38]} Be7 {[%emt 0:01:30]} 22. Be3 {[%emt 0:01:46]} f6 {[%emt 0:02:19]} 23. Nf3 {[%emt 0:09:19]} e5 {[%emt 0:05:45]} 24. Bh3 {[%emt 0:03:18]} Nc5 {[%emt 0:02:52]} 25. Bxc5 {[%emt 0:04:21]} Bxc5 {[%emt 0:00:13]} 26. Rc1 {[%emt 0:01:45]} Bd6 {[%emt 0:01:08]} 27. Be6+ {[%emt 0:04:19]} Kh8 {[%emt 0:00:11]} 28. h4 {[%emt 0:00:32]} Qe8 {[%emt 0:01:52]} 29. Ba2 {[%emt 0:01:45]} g6 {[%emt 0:01:56]} 30. h5 {[%emt 0:03:00]} Qd7 {[%emt 0:02:07]} 31. Nh4 {[%emt 0:01:27]} Kg7 {[%emt 0:00:56]} 32. Kg2 {[%emt 0:00:44]} Nc8 {[%emt 0:01:13]} 33. Qe3 {[%emt 0:03:08]} a6 {[%emt 0:01:13]} 34. Rh1 {[%emt 0:00:37]} Rh8 {[%emt 0:01:30]} 35. Qb3 {[%emt 0:02:11]} Rf8 {[%emt 0:00:44]} 36. Qe3 {[%emt 0:04:28]} Rh8 {[%emt 0:00:16]} 37. h6+ {[%emt 0:00:38]} Kf8 {[%emt 0:00:33]} 38. Qb3 {[%emt 0:00:20]} Ke8 {[%emt 0:01:08]} 39. Rc1 {[%emt 0:01:17]} Kd8 {[%emt 0:01:25]} 40. Qe3 {[%emt 0:00:00]} Re8 {[%emt 0:01:38]} 41. Bd5 {[%emt 0:02:16]} Bb8 {[%emt 0:05:26]} 42. Qb3 {[%emt 0:01:42]} Re7 {[%emt 0:02:23]} 43. Rd1 {[%emt 0:05:18]} Bd6 {[%emt 0:03:00]} 44. Qf3 {[%emt 0:00:54]} Qa4 {[%emt 0:05:43]} 45. b3 {[%emt 0:02:00]} Qxa3 {[%emt 0:02:01]} 46. Qxf6 {[%emt 0:00:06]} Kc7 {[%emt 0:03:01]} 47. Bf7 {[%emt 0:02:29]} Qb4 {[%emt 0:03:31]} 48. Rc1+ {[%emt 0:02:32]} Kb8 {[%emt 0:00:30]} 49. Rc4 {[%emt 0:00:23]} Qd2 {[%emt 0:02:33]} 50. Nxg6 {[%emt 0:01:04]} Rc7 {[%emt 0:02:09]} 51. Nxe5 {[%emt 0:02:09]} Be7 {[%emt 0:01:07]} 52. Qe6 {[%emt 0:01:42]} Rxc4 {[%emt 0:01:13]} 53. Nxc4 $18 {[%emt 0:01:06]} Qd4 {[%emt 0:01:19]} 54. Bg8 {[%emt 0:03:52]} Qf6 {[%emt 0:01:23]} 55. Qxf6 {[%emt 0:00:43]} Bxf6 {[%emt 0:00:07]} 56. f4 {[%emt 0:00:14]} b5 {[%emt 0:00:23]} 57. Ne3 {[%emt 0:00:38]} a5 {[%emt 0:00:21]} 58. e5 {[%emt 0:01:11]} Be7 {[%emt 0:00:56]} 59. Bxh7 {[%emt 0:00:25]} Bf8 {[%emt 0:00:05]} 60. Ng4 {[%emt 0:00:11]} a4 {[%emt 0:00:43]} 61. bxa4 {[%emt 0:00:57]} bxa4 {[%emt 0:00:05]} 62. Bg8 {[%emt 0:01:07]} Ne7 {[%emt 0:00:37]} 63. h7 {[%emt 0:00:50]} Bg7 {[%emt 0:00:05]} 64. Kf3 {[%emt 0:01:05]} Nf5 {[%emt 0:00:56]} 65. Ne3 {[%emt 0:00:47]} Nd4+ {[%emt 0:00:43]} 66. Ke4 {[%emt 0:00:40]} Ne2 {[%emt 0:00:22]} 67. g4 {[%emt 0:00:39]} Kc7 {[%emt 0:01:27]} 68. Nd5+ {[%emt 0:02:45]} Kd8 {[%emt 0:00:22]} 69. Nb4 {[%emt 0:01:04]} Ke8 {[%emt 0:01:01]} 70. Na2 {[%emt 0:02:19]} Kf8 {[%emt 0:00:53]} 71. Ke3 {[%emt 0:01:10]} Ng3 {[%emt 0:00:25]} 72. Bc4 {[%emt 0:00:32]} 1-0

[Event "RUS-chT Premier League Women 2018"]
[Site "Sochi"]
[Date "2018.05.04"]
[Round "4"]
[White "Mamontova, Anastasia"]
[Black "Khatmullina, Dilara"]
[Result "1-0"]
[WhiteElo "2051"]
[BlackElo "1860"]
[Annotator "NA"]
[PlyCount "71"]
[EventDate "2018.??.??"]
[EventCountry "RUS"]
[SourceTitle "playchess.com"]
[Source "ChessBase"]
[SourceQuality "1"]
[TimeControl "40/5400+30:1800+30"]

1. d4 {[%emt 0:00:00]} d6 {[%emt 0:00:03]} 2. c4 {[%emt 0:00:00]} e5 {[%emt 0:00:04]} 3. d5 {[%emt 0:01:11]} f5 {[%emt 0:00:08]} 4. Nc3 {[%emt 0:03:16]} Nf6 {[%emt 0:00:15]} 5. e4 {[%emt 0:03:47]} fxe4 {[%emt 0:04:26] A41: 1 d4 d6: Tartakower System and Modern Defence} (5... g6 6. Bd3 Bg7 7. exf5 gxf5 8. Qc2 Qd7 9. Nh3 Na6 10. a3 Nc5 11. Be2 a5 12. Be3 h6 13. O-O {0-1 (27) Flom,G (2448)-Onischuk,V (2623) Bastia 2017}) 6. Nge2 {[%emt 0:04:24]} Be7 {[%emt 0:02:59]} 7. Ng3 {[%emt 0:00:53]} O-O {[%emt 0:00:38]} 8. Ncxe4 {[%emt 0:00:54]} Nxe4 {[%emt 0:04:38]} 9. Nxe4 {[%emt 0:00:09]} Bf5 {[%emt 0:00:06]} 10. Bd3 {[%emt 0:09:51]} Qe8 {[%emt 0:03:41]} 11. Ng3 {[%emt 0:03:13]} Bxd3 {[%emt 0:02:57]} 12. Qxd3 {[%emt 0:00:09]} Na6 $146 {[%emt 0:02:57]} ({Predecessor:} 12... Nd7 13. Be3 {½-½ (43) Payen,A (2356)-Joie,S (2113) Le Touquet 2009}) 13. Be3 {[%emt 0:03:26]} Nb4 {[%emt 0:07:04] [#]} 14. Qc3 {[%emt 0:02:03]} (14. Qb3 $1 $16 {[%cal Rb3b4]} a5 15. a3) 14... a5 {[%emt 0:04:34]} 15. a3 {[%emt 0:03:45]} Na6 {[%emt 0:04:09]} 16. Qxa5 {[%emt 0:02:52]} Nc5 {[%emt 0:13:41]} 17. Qc3 {[%emt 0:00:29]} Bf6 {[%emt 0:03:12]} (17... e4 $142) 18. Bxc5 {[%emt 0:03:01]} dxc5 {[%emt 0:00:03]} 19. Ne4 {[%emt 0:00:12]} Qg6 {[%emt 0:02:07]} 20. Nxf6+ {[%emt 0:00:18]} Rxf6 {[%emt 0:00:54]} 21. O-O {[%emt 0:00:19]} e4 {[%emt 0:02:26]} 22. Rae1 $18 {[%emt 0:00:35]} Raf8 {[%emt 0:06:48]} 23. Qe3 {[%emt 0:14:21]} Rf4 {[%emt 0:07:45]} 24. Qxc5 {[%emt 0:11:27]} b6 {[%emt 0:08:18]} 25. Qxc7 {[%emt 0:06:15]} e3 {[%emt 0:05:59]} 26. fxe3 {[%emt 0:00:26]} Rxf1+ {[%emt 0:01:13]} 27. Rxf1 {[%emt 0:00:05]} Rxf1+ {[%emt 0:00:06]} 28. Kxf1 {[%emt 0:00:04]} Qd3+ {[%emt 0:01:30]} 29. Kf2 {[%emt 0:00:05]} Qd2+ {[%emt 0:00:38]} 30. Kf3 {[%emt 0:00:05]} Qd1+ {[%emt 0:00:19]} 31. Ke4 {[%emt 0:03:12]} Qc2+ {[%emt 0:01:28]} 32. Ke5 {[%emt 0:03:18]} Qxg2 {[%emt 0:05:59]} 33. Qc8+ {[%emt 0:00:23]} Kf7 {[%emt 0:00:06]} 34. Qe6+ {[%emt 0:00:16]} Kf8 {[%emt 0:00:03]} 35. Kd6 {[%emt 0:00:50]} Qxh2+ {[%emt 0:00:39]} 36. Kd7 {[%emt 0:00:08]} 1-0